书目信息 |
| 题名: |
南朝大争霸
|
|
| 作者: | 草军书 著 | |
| 分册: | 6 南陈往事 | |
| 出版信息: | 北京 应急管理出版社 2020 |
|
| 页数: | 210页 | |
| 开本: | 24cm | |
| 丛书名: | ||
| 单 册: | ||
| 中图分类: | K239.109 , K239.109 | |
| 科图分类: | ||
| 主题词: | 中国历史--南朝时代--通俗读物 , 中国历史--陈国--通俗读物 | |
| 电子资源: | ||
| ISBN: | 978-7-5020-8087-7 | |
| 000 | 01410oam2 2200265 450 | |
| 001 | 2369072586 | |
| 005 | 20230924191205.01 | |
| 010 | @a978-7-5020-8087-7@dCNY35.00 | |
| 100 | @a20200911d2020 em y0chiy50 ea | |
| 101 | 0 | @achi |
| 102 | @aCN@b110000 | |
| 105 | @ay z 000yy | |
| 200 | 1 | @a南朝大争霸@Anan chao da zheng ba@h6@i南陈往事@e大结局@f草军书著 |
| 210 | @a北京@c应急管理出版社@d2020 | |
| 215 | @a210页@d24cm | |
| 314 | @a草军书,真名章庆,安徽省铜陵市人,是一名创作个性鲜明、创作态度严谨的历史作家。文风诙谐幽默、轻松明快,古典而不乏时尚;笔法独特老辣、妙语连珠,传统中蕴藏新意。著有《轻松幽默侃唐朝》《神侃唐朝三百年》等系列历史图书五本,作品深受读者喜爱。作品以见解独到、观点新奇、评论深刻、语言睿智著称。 | |
| 330 | @a当时间来到陈霸先这里,南北朝时期的最后一个南方割据政权——南陈终于登上了历史舞台,本系列《南朝大争霸》也来到了最后一本大结局。南朝历史的异彩纷呈不仅仅体现在政权更迭、英雄辈出、文学巅峰,更体现在它是黎明前的黑夜,它为下一个更加精彩的盛世——隋唐奠定了基础。所谓分久必合、合久必分,这最后一个王朝是否只是前三个王朝的例行循环呢?是,也不是。陈霸先的烈度的确不输刘裕,陈叔宝的才情也盖过“三萧”,但南陈... | |
| 517 | 1 | @a南陈往事@Anan chen wang shi |
| 606 | 0 | @a中国历史@z南朝时代@j通俗读物 |
| 606 | 0 | @a中国历史@y陈国@j通俗读物 |
| 690 | @aK239.109@v5 | |
| 690 | @aK239.109@v4 | |
| 701 | 0 | @a草军书@Acao jun shu@4著 |
| 801 | 0 | @aCN@b安徽时代@c20230923 |
| 905 | @aZUCC@dK239.109@e2:6 | |
| 南朝大争霸.6.南陈往事:大结局/草军书著.-北京:应急管理出版社,2020 |
| 210页;24cm |
| ISBN 978-7-5020-8087-7:CNY35.00 |
| 当时间来到陈霸先这里,南北朝时期的最后一个南方割据政权——南陈终于登上了历史舞台,本系列《南朝大争霸》也来到了最后一本大结局。南朝历史的异彩纷呈不仅仅体现在政权更迭、英雄辈出、文学巅峰,更体现在它是黎明前的黑夜,它为下一个更加精彩的盛世——隋唐奠定了基础。所谓分久必合、合久必分,这最后一个王朝是否只是前三个王朝的例行循环呢?是,也不是。陈霸先的烈度的确不输刘裕,陈叔宝的才情也盖过“三萧”,但南陈... |
| ● |
| 相关链接 |
|
|
|
正题名:南朝大争霸
索取号:K239.109/2:6
 
预约/预借
| 序号 | 登录号 | 条形码 | 馆藏地/架位号 | 状态 | 备注 |
| 1 | 2000923543 | 2000923543 | 315书库/四34架A面5层5列/ [索取号:K239.109/2:6] | 在馆 | |
| 2 | 2000923544 | 2000923544 | 315书库/四34架A面5层5列/ [索取号:K239.109/2:6] | 在馆 | |
| 3 | 2000923545 | 2000923545 | 315书库/四34架A面5层5列/ [索取号:K239.109/2:6] | 在馆 | |
| 4 | 2000923546 | 2000923546 | 315书库/四34架A面5层5列/ [索取号:K239.109/2:6] | 在馆 | |
| 5 | 2000923547 | 2000923547 | 315书库/四34架A面5层5列/ [索取号:K239.109/2:6] | 在馆 | |
| 6 | 2000923548 | 2000923548 | 315书库/四34架A面5层5列/ [索取号:K239.109/2:6] | 在馆 |